00647nam a2200145 a 450000100100000000500170001000800410002704000250006808200160009324501300010926000300023930000310026995201840030099900170048400003291020200930065916.0110801s1957 cu c 000 p spa d aDO-SdBNPbspacBNPHU axxxxbF293h00aFederico Henríquez i Carvajal :bCarta y poemas de Gabriela Mistral, Luis Maderal, Alberto Baeza Flores y Ferdinad Cestero. a[Cuba], :b[s.n.],c1957. a[8] p. :bretrs. ;c19 cm. 001050718RVaPDbPDcCTd2011-08-01iLF1l0oxxxx F293hp32910-10r2020-06-25w2020-06-25y1zPerteneció a la biblioteca personal de Carlos Larrazábal Blanco.ZNo se presta c32401d32401